LEADER 01548nam 2200349 n 450 001 9910444459303321 005 20231215105208.0 010 $a1-5044-6566-0 035 $a(CKB)5590000000438919 035 $a(NjHacI)995590000000438919 035 $a(EXLCZ)995590000000438919 100 $a20231215d2021 uy 0 101 0 $aeng 135 $aur||||||||||| 181 $ctxt$2rdacontent 182 $cc$2rdamedia 183 $acr$2rdacarrier 200 10$a1036-2020 - IEEE guide for the application of shunt power capacitors /$fIEEE 210 1$a[Place of publication not identified] :$cIEEE,$d2021. 215 $a1 online resource 330 $aThis guide applies to the use of 50 Hz and 60 Hz shunt power capacitors rated 2400 Vac and above, and assemblies of such capacitors. Included are guidelines for the application, protection, and ratings of equipment for the improved safety and reliability in the utilization of shunt power capacitors. The guide is general and intended to be basic and supplemental to specific recommendations of the manufacturer. The guide covers applications that range from simple capacitor unit utilization to complex capacitor bank situations. 606 $aCapacitors 606 $aElectrical engineering 615 0$aCapacitors. 615 0$aElectrical engineering. 676 $a621.315 801 0$bNjHacI 801 1$bNjHacl 906 $aDOCUMENT 912 $a9910444459303321 996 $a1036-2020 - IEEE Guide for the Application of Shunt Power Capacitors$92583774 997 $aUNINA LEADER 02474nam 2200613zu 450 001 9910133535703321 005 20210807004421.0 010 $a2-905838-78-7 024 7 $a10.4000/books.cedej.1100 035 $a(CKB)3390000000053786 035 $a(SSID)ssj0001539835 035 $a(PQKBManifestationID)11849122 035 $a(PQKBTitleCode)TC0001539835 035 $a(PQKBWorkID)11531857 035 $a(PQKB)11772197 035 $a(WaSeSS)IndRDA00043814 035 $a(FrMaCLE)OB-cedej-1100 035 $a(oapen)https://directory.doabooks.org/handle/20.500.12854/52187 035 $a(PPN)182827364 035 $a(oapen)doab52187 035 $a(EXLCZ)993390000000053786 100 $a20160829d2005 uy 101 0 $afre 135 $aur||||||||||| 181 $ctxt 182 $cc 183 $acr 200 12$aL'autoritarisme dans le monde arabe 210 $cCEDEJ - Égypte/Soudan$d2005 210 31$a[Place of publication not identified]$cCEDEJ Égypte/Soudan$d2005 215 $a1 online resource (107 pages) 225 1 $aDe?bats 300 $aBibliographic Level Mode of Issuance: Monograph 330 $aCet ouvrage reprend la matière des conférences et discussions qui eurent lieu lors d'une journée d'étude organisée par le CEDEJ. La thématique principale en était la question de l'autoritarisme, comme catégorie analytique mais aussi en tant que concept opératoire pour l'étude des sociétés du monde arabe aujourd'hui. Sur ce thème, les interventions de Michel Camau et Luis Martinez ont en commun d'apporter des éclairages et d'étoffer la réflexion, à partir de deux entrées différentes. Si l'un parle de consolidation, l'autre pose la question de la violence comme épreuve critique, voire ultime, de l'autoritarisme. 410 0$aCol·leccio? Debats. 606 $aGovernment - Non-U.S$2HILCC 606 $aLaw, Politics & Government$2HILCC 606 $aGovernment - Asia$2HILCC 610 $aislamisme 610 $amonde arabe 610 $aautoritarisme 610 $adémocratie arabe 610 $atransition démocratique 615 7$aGovernment - Non-U.S. 615 7$aLaw, Politics & Government 615 7$aGovernment - Asia 700 $aCamau$b Michel$0234627 702 $aMartinez$b Luis 702 $aBoutaleb$b Assia 801 0$bPQKB 906 $aBOOK 912 $a9910133535703321 996 $aL'autoritarisme dans le monde arabe$91994759 997 $aUNINA